|
|
|
|
| LEADER |
00000nam0a2200000 4500 |
| 001 |
141618 |
| 005 |
20231031142508.0 |
| 029 |
1 |
0 |
|a RU
|b II-89-80
|c СНиП
|
| 035 |
|
|
|a (RuTPU)RU\TPU\book\153512
|
| 035 |
|
|
|a RU\TPU\book\153508
|
| 090 |
|
|
|a 141618
|
| 100 |
|
|
|a 20080822d1981 k y0rusy50 ca
|
| 101 |
0 |
|
|a rus
|
| 102 |
|
|
|a RU
|
| 105 |
|
|
|a a l 000zy
|
| 200 |
1 |
|
|a Генеральные планы промышленных предприятий. Нормы проектирования. СНиП II-89-80
|f Государственный комитет Совета Министров СССР по делам строительства (Госстрой СССР)
|
| 205 |
|
|
|a Офиц. изд.
|
| 210 |
|
|
|a Москва
|c Стройиздат
|d 1981
|
| 215 |
|
|
|a 33 с.
|c табл.
|
| 229 |
|
|
|a Утверждены постановлением Государственного комитета СССР по делам строительства от 30 дкабря 1980 г. № 213
|a Взамен СНиП II-М.1-71
|
| 610 |
1 |
|
|a строительство
|
| 610 |
1 |
|
|a СНиПы
|
| 610 |
1 |
|
|a строительные нормы и правила
|
| 610 |
1 |
|
|a нормы проектирования
|
| 610 |
1 |
|
|a генеральные планы
|
| 610 |
1 |
|
|a промышленные предприятия
|
| 610 |
1 |
|
|a планировка
|
| 610 |
1 |
|
|a дороги
|
| 610 |
1 |
|
|a благоустройство
|
| 610 |
1 |
|
|a инженерные сети
|
| 675 |
|
|
|a 625(083)
|v 3
|
| 712 |
0 |
1 |
|a СССР
|b Государственный комитет по делам строительства (Госстрой СССР)
|c (1950-1991)
|2 stltpush
|3 (RuTPU)RU\TPU\col\7934
|
| 801 |
|
1 |
|a RU
|b 63413507
|c 20030819
|g PSBO
|
| 801 |
|
2 |
|a RU
|b 63413507
|c 20221207
|g PSBO
|
| 942 |
|
|
|c BK
|